Normale Ansicht MARC-Ansicht ISBD

Living Water : (Titelsatznr. 9534)

[ MARC ]
MARC-Details
000 -Satzkennung
Kontrollfeld mit fester Länge 00396nam a22001571c 4500
001 - Kontrollnummer
Kontrollfeld a987683085
008 - Feld mit fester Länge zur physischen Beschreibung - Allgemeine Angaben
Kontrollfeld mit fester Länge 051003s1990 gw |||| 000u eng d
041 ## - Sprachcode
Sprachcode des Textes/der Tonspur oder des separaten Titels eng
040 ## - Katalogisierungsquelle
Übertragungsstelle RU-10907106
003 - Kontrollnummer Identifier
Kontrollfeld RU-10907106
100 1# - Haupteintragung - Personenname
Personenname Christian, David
245 00 - Titel
Titel Living Water :
Zusatz zum Titel Vodka and Russian Society on the Eve of Emancipation
264 ## - Produktion, Veröffentlichung, Distribution, Herstellung und Urheberrechtsvermerk
Herstellungs-, Veröffentlichungs- Vertriebs-, Erzeugungsort Oxford,
Datum der Herstellung, der Veröffentlichung, des Vertriebs oder des Urheberschutzvermerks 1990
300 ## - Physische Beschreibung
Umfang 447 S. Oln.
942 ## - Zusätzliche Felder (Koha)
Koha-Medientyp Monographien
Exemplare
Ausgeschieden Verloren Klassifikation oder Aufstellungssystematik Beschädigt Nicht entleihbar Heimatbibliothek Aufenthaltsbibliothek Aufstellungsort Erwerbungsdatum Inventarnummer Signatur Barcode Letzte Aktivität Preis gültig von Koha-Medientyp
    Andere/Generische Klassifikation     MWN Osteuropa MWN Osteuropa Magazin - 2 03/10/2005 05-01564 R 53 k Chri E004015078FB7B9F 22/02/2021 22/03/2021 Monographien